000 00580nam a2200229Ia 4500
003 OSt
005 20221006164840.0
006 a|||||r|||| 00| 0
007 ta
008 221006b |||||||| |||| 00| 0 eng d
024 _a351
037 _cTextual
040 _aFML
_cFML
_beng
041 _2eng
_aeng
082 _aNR5, 18, J9
100 _aCooke Dezyck Au.
_9678479
245 0 _aThe Language Of Music
260 _aNew York
_bO I J P
_c1959
300 _a289
_ccm.
942 _hNR5, 18, J9
_cTEXL
_2CC
999 _c1118691
_d1118691